| 000 | 00644nam a2200169 i 4500 | ||
|---|---|---|---|
| 001 | 146457 | ||
| 003 | ES-MaACL | ||
| 005 | 20250812014033.0 | ||
| 007 | t| | ||
| 008 | 070910s1978 dk ||||1| fre d | ||
| 245 | 0 | 0 |
_aTrésors des rois de Danemark _b: [exposition organisée au Musée du Petit Palais à Paris du 15 octobre 1978 au 7 Janvier 1979 par la Collection Royale de Rosenborg]. |
| 260 |
_a[Copenhague : _bMinistère des Affaires Etrangères, _c1978] |
||
| 300 |
_a[62 p.] : _bil. ; _c24 cm. |
||
| 650 | 7 |
_aArte danés- _vExposiciones _2embne _9164641 |
|
| 852 |
_aES-MaACL _j2106-F-23 _bR.98675 |
||
| 999 |
_c146457 _d146457 |
||